| 000 | 01375nam a2200361 i 4500 | ||
|---|---|---|---|
| 001 | 22507262 | ||
| 003 | EG-ScBUE | ||
| 005 | 20230307030925.0 | ||
| 008 | 220413s2022 nyua f b 001 0 eng d | ||
| 020 | _a9781264441389 | ||
| 020 | _a126444138X | ||
| 040 |
_aDLC _beng _erda _cDLC _dDLC _dEG-ScBUE |
||
| 082 | 0 | 4 |
_a621.381 _bGIB _222 |
| 100 | 1 |
_aGibilisco, Stan, _eauthor. |
|
| 245 | 1 | 0 |
_aTeach yourself electricity and electronics / _cStan Gibilisco, Simon Monk. |
| 250 | _aSeventh edition. | ||
| 264 | 1 |
_aNew York : _bMcGraw Hill Education, _c2022. |
|
| 300 |
_axvii, 473 pages : _billustrations ; _c24 cm |
||
| 336 |
_atext _btxt _2rdacontent |
||
| 337 |
_aunmediated _bn _2rdamedia |
||
| 338 |
_avolume _bnc _2rdacarrier |
||
| 504 | _aIncludes bibliographical references and index. | ||
| 520 |
_a"This is a comprehensive and accessible book is for hobbyists who want to learn electricity and electronics fundamentals and applications without taking a formal course"-- _cProvided by publisher. |
||
| 650 | 7 |
_aElectronics. _2BUEsh |
|
| 650 | 7 |
_aElectricity. _2BUEsh |
|
| 653 |
_bENGELC _cMarch2023 |
||
| 655 | _vReading book | ||
| 700 | 1 |
_aMonk, Simon, _eauthor. |
|
| 906 |
_a7 _bcbc _corignew _d1 _eecip _f20 _gy-gencatlg |
||
| 942 |
_2ddc _cBB |
||
| 999 |
_c30219 _d30190 |
||